Giáo trình con người và môi trường : (TN032)
Giáo trình cung cấp những kiến thức cơ bản về mối quan hệ giữa con người với môi trường và với các sinh vật khác
Spremljeno u:
| Glavni autor: | |
|---|---|
| Format: | Knjiga |
| Jezik: | Undetermined |
| Izdano: |
Cần Thơ
Trường Đại học Cần Thơ
2009
|
| Teme: | |
| Oznake: |
Dodaj oznaku
Bez oznaka, Budi prvi tko označuje ovaj zapis!
|
| Thư viện lưu trữ: | Trung tâm Học liệu Trường Đại học Cần Thơ |
|---|
| LEADER | 00853nam a2200205Ia 4500 | ||
|---|---|---|---|
| 001 | CTU_155520 | ||
| 008 | 210402s9999 xx 000 0 und d | ||
| 082 | |a 363.7 | ||
| 082 | |b H401 | ||
| 100 | |a Huỳnh, Thu Hòa | ||
| 245 | 0 | |a Giáo trình con người và môi trường : | |
| 245 | 0 | |b (TN032) | |
| 245 | 0 | |c Huỳnh Thu Hòa | |
| 260 | |a Cần Thơ | ||
| 260 | |b Trường Đại học Cần Thơ | ||
| 260 | |c 2009 | ||
| 520 | |a Giáo trình cung cấp những kiến thức cơ bản về mối quan hệ giữa con người với môi trường và với các sinh vật khác | ||
| 650 | |a Environmental sciences,Ecology,Pollution,Environmental education,Khoa học môi trường,Sinh thái học | ||
| 904 | |i Năm | ||
| 980 | |a Trung tâm Học liệu Trường Đại học Cần Thơ | ||